| 000 | 00886nam a2200229 a 4500 | ||
|---|---|---|---|
| 001 | BRCA_3287 | ||
| 005 | 20190320204214.0 | ||
| 008 | 090217s2008----mx-h---##b---#001-0#spa-# | ||
| 041 | _aspa | ||
| 044 | _amx | ||
| 050 | 4 |
_aF1230 _b.G66 2008 |
|
| 100 | 1 |
_aGonzález Obregón, Luis _d1865-1938 _97954 |
|
| 245 | 1 | 0 |
_aLos precursores de la independencia mexicana en el siglo XVI _cLuis González Obregón ; [prólogo de Alejandro de Antuñano Maurer]. |
| 260 |
_aMéxico _bBiblioteca Mexicana de la Fundación Miguel Alemán _c2008 |
||
| 300 |
_a388, 51 p. _bil. _c21 cm. |
||
| 500 | _aIncluye índice onomástico | ||
| 500 | _aFacsímil de : la edición mexicana de 1906. Ver DD63 | ||
| 651 | 4 |
_aMéxico _xHistoria _yConquista, 1519-1540 _9442 |
|
| 651 | 4 |
_aMéxico _xHistoria _yColonia española, 1540-1810 _9394 |
|
| 700 | 1 |
_aAntuñano Maurer, Alejandro de _epról. _9705 |
|
| 942 |
_2lcc _cB |
||
| 999 |
_c3023 _d3023 |
||